| 000 | 00713nam a2200157 a 4500 | ||
|---|---|---|---|
| 008 | 220301s2019 ||||||||||||||||| || u | ||
| 050 | _aCBU-PG THESIS/MIC | ||
| 100 | _aMichelo, Ian | ||
| 245 | 1 | 0 |
_aPerceived influence on Corporate Social Responsibility on Employee Retention in the Mobile Telecommunication Industry in Zambia _cBy Ian Michelo |
| 260 |
_aKitwe _bCopperbelt University _c2019 |
||
| 300 | _a86 pages : illustrations | ||
| 650 | _aCORPORATE SOCIAL RESPONSIBILITY | ||
| 650 | _aMOBILE TELECOMMUNICATIONS COMPANIES--ZAMBIA | ||
| 650 | _aEMPLOYEE RETENTION | ||
| 995 |
_FCBU-MAIN LIBRARY (Kitwe) _M1 _UAVAILABLE _WJun 20, 2022 _ZUniversity Collection |
||
| 999 |
_c53316 _d53316 |
||